Jogadores do São Paulo que jogaram o Mundial de Clubes de 2005 - Statistics

Estatísticas Gerais
  • Esse quiz foi jogado 39 vezes
  • A pontuação média é 8 de 13
Estatísticas das Respostas
Hint Resposta % Correto
Goleiro Rogério Ceni
100%
Volante Mineiro
96%
Zagueiro Lugano
77%
Volante Josué
73%
Lateral-Direito Cicinho
69%
Atacante Aloísio
62%
Lateral-Esquerdo Junior
58%
Atacante Amoroso
46%
Zagueiro Fabão
46%
Treinador Paulo Autuori
46%
Meia Danilo
31%
Zagueiro Edcarlos
27%
Jogador que veio do banco Grafite
23%
Nenhum quiz correspondente encontrado
Distribuição das Pontuações
Porcentagem de Pessoas com Cada Pontuação
Percentil de Números Respondidos
Sua Pontuação Histórica
Você não jogou esse quiz